Dôsledky finančnej krízy na hospodárenie podniku diplomová práca

Guardado en:
Detalles Bibliográficos
Autor principal: Takáčová, Brigita
Autor Corporativo: Fakulta podnikového manažmentu EU. Katedra podnikových financií
Otros Autores: Jánošová, Veronika, 1953-
Formato: Libro
Lenguaje:eslovaco
Publicado: Bratislava 2013
Etiquetas: Agregar Etiqueta
Sin Etiquetas, Sea el primero en etiquetar este registro!

MARC

LEADER 00000nbm a2200000 4500
001 0171057
005 20161109102427.1
041 0 |a slo 
044 |a SK 
245 1 0 |a Dôsledky finančnej krízy na hospodárenie podniku  |b diplomová práca  |c Brigita Takáčová ; školiteľ: Veronika Jánošová 
264 1 |a Bratislava  |c 2013 
300 |a 75 s. 
100 1 |a Takáčová, Brigita 
700 1 |a Jánošová, Veronika, 1953- 
710 2 |a Fakulta podnikového manažmentu EU. Katedra podnikových financií